000 00431nam a2200181Ia 4500
008 230725s2001 xx 000 0 und d
041 _aeng
082 _a615.19
_bGAR
100 _aGARRATT D.C.
245 _aQUANTITATIVE ANALYSIS OF DRUG
260 _bC.B.S. PUBLISHERS & DISTRUTORS
_c2001
300 _a925
365 _h20
500 _aTEXT BOOK
501 _aPA
520 _aPB
650 _aPHARMACEUTICAL ANALYSIS
999 _c768053
_d768053